Creating web pages for dummies / (Record no. 276105)
[ view plain ]
| 000 -LEADER | |
|---|---|
| fixed length control field | 00351nam a2200133 a 4500 |
| 005 - DATE AND TIME OF LATEST TRANSACTION | |
| control field | 20141022141958.0 |
| 008 - FIXED-LENGTH DATA ELEMENTS--GENERAL INFORMATION | |
| fixed length control field | 120306s19uu xx 00 eng d |
| 050 ## - LIBRARY OF CONGRESS CALL NUMBER | |
| Classification number | CD-ROM |
| Item number | Sm5 2004 |
| 100 ## - MAIN ENTRY--PERSONAL NAME | |
| Personal name | Smith, Bud E. |
| 245 ## - TITLE STATEMENT | |
| Title | Creating web pages for dummies / |
| Statement of responsibility, etc | Bud Smith, Arthur Bebak. |
| 250 ## - EDITION STATEMENT | |
| Edition statement | 7th ed. |
| 700 ## - ADDED ENTRY--PERSONAL NAME | |
| Personal name | Bebak, Arthur |
| 942 ## - ADDED ENTRY ELEMENTS (KOHA) | |
| Koha item type | Audio Visual Materials |
| Withdrawn status | Lost status | Damaged status | Home library | Current library | Shelving location | Date acquired | Total Checkouts | Full call number | Barcode | Date last seen | Price effective from | Koha item type |
|---|---|---|---|---|---|---|---|---|---|---|---|---|
| College Library | College Library | Audio Visual Material Section | 03/06/2012 | CD-ROM Sm5 2004 | IT0020 | 04/12/2014 | 04/12/2014 | Audio Visual Materials |